书目信息 |
| 题名: |
中国近代文学论文集
|
|
| 作者: | ;中国社会科学院文学研究所近代文学研究组 编 | |
| 分册: | ||
| 出版信息: | 北京 中国社会科学出版社 1982 |
|
| 页数: | 646页 | |
| 开本: | 19cm | |
| 丛书名: | 中国近代文学研究资料丛书 | |
| 单 册: | ||
| 中图分类: | I206.5 | |
| 科图分类: | ||
| 主题词: | 戏剧-文学研究--中国--1949~1979--文集 , 文学研究-戏剧--中国--1949~1979--文集 , 文学研究--中国--近代--文集 , 文学研究-民间文学--中国--1949~1979--文集 , 民间文学-文学研究--中国--1949~1979--文集 | |
| 电子资源: | ||
| ISBN: | ||
| 000 | 01094nam2 2200301 45 | |
| 001 | 0182004582 | |
| 005 | 20060804163022.79 | |
| 010 | @dCNY1.90 | |
| 091 | @aCN@b10190.069 | |
| 100 | @a19950609d1982 kmey0chiy0121 ea | |
| 101 | 0 | @achi |
| 102 | @aCN@b110000 | |
| 105 | @ay z 000yy | |
| 200 | 10 | @a中国近代文学论文集@Azhong guo jin dai wen xue lun wen ji@e1949-1979@e戏剧、民间文学卷@f中国社会科学院文学研究所近代文学研究组编 |
| 210 | @a北京@c中国社会科学出版社@d1982 | |
| 215 | @a646页@d19cm | |
| 225 | 2 | @a中国近代文学研究资料丛书 |
| 410 | 0 | @120010@a中国近代文学研究资料丛书 |
| 606 | @a戏剧-文学研究@y中国@z1949~1979@x文集 | |
| 606 | @a文学研究-戏剧@y中国@z1949~1979@x文集 | |
| 606 | @a文学研究@y中国@z近代@x文集 | |
| 606 | @a文学研究-民间文学@y中国@z1949~1979@x文集 | |
| 606 | @a民间文学-文学研究@y中国@z1949~1979@x文集 | |
| 690 | @aI206.5@v3 | |
| 711 | 02 | @a中国社会科学院文学研究所近代文学研究组@Azhong guo she hui ke xue yuan wen xue yan jiu suo jin dai wen xue yan jiu zu@4编 |
| 801 | 2 | @aCN@bNLC@c20060804 |
| 801 | 0 | @aCN@bTSSF |
| 905 | @a10447@dI206.5@e15 | |
| 中国近代文学论文集:1949-1979:戏剧、民间文学卷/中国社会科学院文学研究所近代文学研究组编.-北京:中国社会科学出版社,1982 |
| 646页;19cm.-(中国近代文学研究资料丛书) |
| ISBN :CNY1.90 |
| ● |
| 相关链接 |
|
|
|
|
正题名:中国近代文学论文集
索取号:I206.5/15
 
预约/预借
| 序号 | 登录号 | 条形码 | 馆藏地/架位号 | 状态 | 备注 |
| 1 | 0449459 | 204494591 | 密集书库/ [索取号:I206.5/15] | 在馆 |